00874nam a2200205 i 450000100060000000300090000600500170001500700030003200800410003510000290007624502360010526000750034130000270041649000600044350500390050370000230054270000210056583000600058685200220064678453ES-MaACL20230906173715.0t|041014s1912 fr ||||1| fre d1 aHardy, Siméon-Prosper.10aMes loisirs b: journal d'evenéments tels qu'ils parviennent a ma connaissance (1746-1789) / cpar S.P. Hardy ; publiée d'aprés le manuscrit aulographe et inédit de la Bib. Nationale, por Maurice Tourneux et Maurice Vitrac. aParis : bAlphonse Picard et Fils, c1912 (eSaunier : fImp. Moderne) aXXI, 445 p. ; c23 cm.1 aMémoires et documents inédits du siécle XVIII-XIX8 aContiene: Tome Prémier 1764-17731 aTourneux, Maurice.1 aVitrac, Maurice.0 aMémoires et documents inédits du siécle XVIII-XIX aES-MaACLjB-13593